Univerzity 2006: opatrný krok k lepšiemu hodnotenie vysokých škôl

Informácie z 2. ročníka hodnotiacej správy Akademickej rankingovej a ratingovej agentúry. Najlepšie vysoké školy na Slovensku, pretrvávajúce problémy. Najlepšie fakulty na Slovensku, najväčší výskyt doktorandov, najviac zahraničných študentov, najviac citácií na jednu publikáciu, najviac učiteľov s...

Ausführliche Beschreibung

Gespeichert in:
Bibliographische Detailangaben
1. Verfasser: Horníková, Zuzana
Format: Buchkapitel
Sprache:Slowakisch
Schlagworte:
Tags: Tag hinzufügen
Keine Tags, Fügen Sie das erste Tag hinzu!

MARC

LEADER 00000naa$a2200000$$$4500
001 0051177
005 20231009084352.9
041 0 |a slo 
044 |a SK 
245 1 0 |a Univerzity 2006: opatrný krok k lepšiemu  |b hodnotenie vysokých škôl  |c Zuzana Horníková 
520 |a Informácie z 2. ročníka hodnotiacej správy Akademickej rankingovej a ratingovej agentúry. Najlepšie vysoké školy na Slovensku, pretrvávajúce problémy. Najlepšie fakulty na Slovensku, najväčší výskyt doktorandov, najviac zahraničných študentov, najviac citácií na jednu publikáciu, najviac učiteľov s titulom PhD. Hodnotenie ekonomických fakúlt - najlepšie uspela Fakulta managementu UK. 
610 2 0 |a školy vysoké 
610 2 0 |a univerzity 
610 2 0 |a vzdelávanie vysokoškolské 
610 2 0 |a Slovensko 
610 2 0 |a 2006 
100 1 |a Horníková, Zuzana